=LDR 00000nam 2200000 4500 =001 INLIS000000000027756 =005 20130612130115 =008 ***********************************Ind** =035 ##$$0010-061300000027756 =041 ##$$a Ind =082 ##$$a 510.7 =090 ##$$a 510.7, Set m =100 ##$$a Setyono, Ariesandi =245 ##$$a Mathemagics, oleh Ariesandi Setyono =260 ##$$a 2006 $b Jakarta =300 ##$$a 108 hlm, ilus, 20 cm =650 ##$$a Matematika-Studi dan Pengajaran =850 ##$$a NBPNMAT =990 ##$$a 0001/BPAP-NTB/2016